000 00495nam a22001457a 4500
003 macl
005 20180421115433.0
008 180421b xxu||||| |||| 00| 0 eng d
040 _cmacl
100 _aडॉ. रमाकांत गुप्‍ता
_949682
245 _aभाषा नीति और लोकहित
260 _aनयी दिल्‍ली
_bअक्षय प्रकाशन
_c2016
650 _aभाषा विज्ञान
_950429
942 _2ddc
_cHIN
999 _c57818
_d57818